The Country Law - Statistics

General Stats
  • This quiz has been taken 78 times
  • The average score is 27 of 50
Answer Stats
Hint Country % Correct
The capital is... Kabul Afghanistan
100%
What flag is this?
Bangladesh
100%
Every other letter: Blva Bolivia
100%
The capital is... Brasilia Brazil
100%
What flag is this?
Cambodia
100%
The capital is... Santiago Chile
100%
What flag is this?
Croatia
100%
The capital is... Prague Czechia
100%
The capital is... Athens Greece
100%
Add "Equatorial" to the beginning or "Bissau" at the end, or do none of them to this country Guinea
100%
What flag is this?
India
100%
The capital is... Vientiane Laos
100%
The middle of the Baltic States Latvia
100%
The capital is... Monaco Monaco
100%
Every other letter: Ngra Nigeria
100%
What flag is this?
Papua New Guinea
100%
What flag is this?
Qatar
100%
What flag is this?
Samoa
100%
Every other letter: Sngl Senegal
100%
Every other letter: Suh fia South Africa
100%
Bordering Countries: Israel, Lebanon, Turkey, Iraq, Jordan Syria
100%
Most southern Caribbean country Trinidad and Tobago
100%
The capital is... Abu Dhabi United Arab Emirates
100%
Every other letter: Vtcn iy Vatican City
100%
Biggest African Country Algeria
89%
Where modern pizza originated Italy
89%
The capital is... Oslo Norway
89%
The capital is... Andorra la Vella Andorra
88%
What flag is this?
Colombia
88%
The flag which is the reversed version of Monaco's flag Poland
88%
The capital is... Washington D.C. United States Of America
88%
What flag is this?
Bahrain
86%
The capital is... Bandar Seri Begawan Brunei
86%
What flag is this?
Gabon
86%
What flag is this?
Moldova
86%
What flag is this?
Morocco
86%
Every other letter: Npl Nepal
86%
What flag is this?
Pakistan
86%
Every other letter: Tjksa Tajikistan
86%
What flag is this?
Uganda
86%
What flag is this?
Ireland
83%
What flag is this?
Kiribati
83%
What flag is this?
Peru
83%
The capital is... Manila Philippines
83%
What flag is this?
Turkmenistan
83%
When you try to type this country on the COTW quiz, "Dominica" gets filled in. Dominican Republic
80%
The country with "Federated" in their name Federated States of Micronesia
80%
What flag is this?
Germany
80%
The capital is... Maseru Lesotho
80%
Where the Chihuahua breed came from Mexico
80%
What flag is this?
Mongolia
80%
The capital is... Bern Switzerland
80%
Every other letter: Urie Ukraine
80%
The capital is... Nouakchott Mauritania
78%
The capital is... Tunis Tunisia
78%
The capital is... Saint John's Antigua and Barbuda
75%
The capital is... Nassau Bahamas
75%
What flag is this?
Burkina Faso
75%
Nordic country with the most white on its flag Finland
75%
Has the name of a U.S. state Georgia
75%
What flag is this?
Kyrgyzstan
75%
Every other letter: Mlw Malawi
75%
The capital is... Podgorica Montenegro
75%
The national airline is Qantas Australia
71%
The capital is... Minsk Belarus
71%
What flag is this?
Jordan
71%
The capital is... Pyongyang North Korea
71%
What flag is this?
San Marino
71%
Every other letter: Ltuna Lithuania
70%
South American "U" country Uruguay
70%
What flag is this?
Armenia
67%
Every other letter: Blz Belize
67%
What flag is this?
Cameroon
67%
Every other letter: Eyt Egypt
67%
What flag is this?
Estonia
67%
With Somalia, Djibouti, and Eritrea, this country makes the "Horn of Africa" Ethiopia
67%
Country that starts with "Gh" Ghana
67%
The capital is... Tegucigalpa Honduras
67%
What flag is this?
Japan
67%
What flag is this?
Malaysia
67%
Where the dodo lived, and got killed off Mauritius
67%
The capital is... Wellington New Zealand
67%
The capital is... Niamey Niger
67%
What flag is this?
Oman
67%
Every other letter: Pnm Panama
67%
What flag is this?
Paraguay
67%
The capital is... Bratislava Slovakia
67%
What flag is this?
Taiwan
67%
The capital is... Tashkent Uzbekistan
67%
The capital is... Caracas Venezuela
67%
The capital is... Hanoi Vietnam
67%
The capital is... Lusaka Zambia
67%
Every other letter: Zmaw Zimbabwe
67%
What flag is this?
Canada
63%
Every other letter: Bsi Ad ezgvn Bosnia And Herzegovina
60%
The capital is... Gitega Burundi
60%
The capital is... Moroni Comoros
60%
What flag is this?
Costa Rica
60%
The capital is... Nicosia Cyprus
60%
The capital is... Djibouti City Djibouti
60%
Country that owns the Galapagos Ecuador
60%
What flag is this?
Fiji
60%
Every other letter: Fac France
60%
Most populous Central American country Guatemala
60%
What flag is this?
Haiti
60%
The capital is... Beirut Lebanon
60%
Every other letter: Lba Libya
60%
The capital is... Ngerulmud Palau
60%
The capital is... Juba South Sudan
60%
The capital is... Castries St Lucia
60%
Every other letter: S Vnet n te rndns St Vincent and the Grenadines
60%
Where "Wales" is United Kingdom
60%
Every other letter: Vnau Vanuatu
60%
What flag is this?
Barbados
57%
It has "Green" in Spanish in its name Cape Verde
57%
The capital is... Monrovia Liberia
57%
Every other letter: Mamr Myanmar
57%
Got independence from South Africa Namibia
57%
This is the old flag of this country
Thailand
57%
The capital is... Lome Togo
57%
The country where "The Sound of Music" was set Austria
56%
What flag is this?
Botswana
56%
Where COVID-19 started (sorry for any losses you might of had in this pandemic) China
56%
Name in their native language: Shqipëria Albania
50%
The capital is... Brussels Belgium
50%
Every other letter: Cb Cuba
50%
If its overseas territories were included, this country would be in 12th place in size. Denmark
50%
Every other letter: Dmnc Dominica
50%
What flag is this?
East Timor
50%
What flag is this?
El Salvador
50%
Every other letter: Ioy os/Ct dvie Ivory Coast
50%
The capital is... Kingston Jamaica
50%
Every other letter: Kwi Kuwait
50%
What flag is this?
Madagascar
50%
The capital is... Majuro Marshall Islands
50%
What flag is this?
Nauru
50%
Biggest Central American country Nicaragua
50%
Closest countries: Spain, UK, Morocco Portugal
50%
Every other letter: Rsi Russia
50%
What flag is this?
Spain
50%
What flag is this?
St. Kitts and Nevis
50%
Every other letter: Tvl Tuvalu
50%
What flag is this?
Guyana
44%
Every other letter: Si ak Sri Lanka
44%
Every other letter: Mla Malta
43%
Owns Bonaire Netherlands
43%
What flag is this?
Solomon Islands
43%
Every other letter: Eutra Gie Equatorial Guinea
40%
E+(🦢-N)+(🍸-MAR) Eswatini
40%
Change the letter from "Q" to "N" to get the bordering country of the "Q" country (Note: It isn't always the first letter) Iran
40%
Every other letter: Nrh aeoi North Macedonia
40%
What flag is this?
Romania
40%
Every other letter: Geaa Grenada
38%
In the 9th century, Cyrillic was developed in this country Bulgaria
33%
Every other letter: Ca Chad
33%
What flag is this?
Eritrea
33%
Every other letter: Gie Bsa Guinea Bissau
33%
Every other letter: Hnay Hungary
33%
The capital is... Jakarta Indonesia
33%
Country in Europe which is not a UN member Kosovo
33%
Internet TLD: .lu Luxembourg
33%
Every other letter: Ml Mali
33%
Every other letter: Rpbi O Te og Republic Of The Congo
33%
What flag is this?
Sierra Leone
33%
Formerly "Dahomey" Benin
29%
The only carbon negative country Bhutan
29%
Every other letter: Sri Serbia
29%
Every other letter: Agl Angola
25%
On their flag, they have the "Sol De Mayo" Argentina
25%
Every other letter: Kna Kenya
25%
The capital is... Sao Tome Sao Tome and Principe
25%
Joke: "Shells" Seychelles
25%
Every other letter: Smla Somalia
25%
Every other letter: Suh oe South Korea
25%
Also the name of the last male northern white rhino Sudan
25%
Every other letter: Srnm Suriname
25%
The capital is... Banjul Gambia
20%
Ends with "hstan" Kazakhstan
20%
Lowest country in the world Maldives
20%
Every other letter: Tna Tonga
20%
Rent this on Airbnb for 70,000$ a night Liechtenstein
17%
The smallest of the 4 Asian Tigers Singapore
17%
Descendant of the Umayyad Caliphate Saudi Arabia
13%
Every other letter: Ire Israel
10%
The capital is... Baku Azerbaijan
0%
Official languages are French and Sango Central African Republic
0%
What country has this coat of arms?
Democratic Republic of the Congo
0%
The capital is... Reykjavik Iceland
0%
The capital is... Baghdad Iraq
0%
This country gets you the most Scrabble points Mozambique
0%
Every other letter: Rad Rwanda
0%
Every other letter: Soei Slovenia
0%
Every other letter: See Sweden
0%
Every other letter: Tnai Tanzania
0%
Every other letter: Tre Turkey
0%
Most fragile country Yemen
0%
No matching quizzes found
Score Distribution
Percent of People with Each Score
Percentile by Number Answered
Your Score History
You have not taken this quiz